Quizzes
Events
Quiz Creation
Community
Videos
Private Events
Remove Ads
Sign In
Join for FREE
Feedback
Dark Mode
Quiz Categories
Sports
Geography
Music
Movies
Television
Just For Fun
Miscellaneous
History
Literature
Language
Science
Gaming
Entertainment
Religion
Holiday
For Kids
Quiz Lab
Recent
Popular Today
Quiz Kudos Today
Editor Picks
Curator Picks
Quizzes by...
Day
Popularity
Type
Ratings
Length
Year
Community
Subscriptions
Recent Discussions
Orange Saloon
Badges
Playlists
Quests
Create
Leaderboards
Showdown
Live 5
Trivia Bingo
Activity
Puzzle Library
Sporcle Events
Private Events
Virtual Trivia
Globe League
Become a Host
Pub Owners
SporcleCon
Opinionation
Our Games
Videos
Blog
Mobile Apps
Partnerships
Remove Ads and Go Orange
Feedback
Music
Pop Music
The Beatles
Song
Album
Lyrics
Bands
Singers
Artist
Clip
Rock
Rap
Classical
Billboard
Country Music
Kpop
Taylor Swift
Music
Pop Music
The Beatles
Song
Album
Lyrics
Bands
Singers
Artist
Clip
Rock
Rap
Classical
Billboard
Country Music
Kpop
Taylor Swift
Random Quiz
Search Sporcle
×
Quiz Lab
Quiz Lab
Music
europop
Type in answers that appear in a list
Type in answers that appear in a list
Classic
Best Score? Go Orange.
Modern Talking Singles Stats
Can you name the Modern Talking singles?
By
janisterzaj
6m
20 Questions
213 Plays
213 Plays
213 Plays
Comments
Comments
Give Quiz Kudos
Give Quiz Kudos
-
- Ratings
hide this ad
Replay
Link that replays current quiz
Next Quiz
Link to next quiz in quiz playlist
You Got
0%
They Got
Avg Score
58%
Avg Friend Score
Upgrade to see
Score Distribution
Jump to the score distribution portion of the page
Score
0/20
Timer
06:00
0
Plays Today
Year
Single
% Correct
1986
Brother Louie
91.1%
1998
Brother Louie '98
91.1%
1984
You're My Heart, You're My Soul
89.7%
1985
Cheri Cheri Lady
89.7%
1998
You're My Heart, You're My Soul '98
89.7%
1986
Atlantis is Calling (S.O.S. for Love)
78.4%
1985
You Can Win If You Want
76.1%
1986
Geronimo's Cadillac
74.6%
1987
Jet Airliner
59.2%
1987
In 100 Years
54%
Year
Single
% Correct
1999
Sexy, Sexy Lover
49.3%
2001
Win The Race
46.5%
1999
You Are Not Alone
42.7%
2003
TV Makes the Superstar
42.3%
2000
China in Her Eyes
39%
2001
Last Exit to Brooklyn
36.6%
1986
Give Me Peace on Earth
35.7%
2002
Ready for the Victory
31.5%
2002
Juliet
31.5%
2000
Don't Take Away My Heart
29.6%
Quiz Playlist
Details
Report
Send in Message
Add To Playlist
Classic:
Type in answers that appear in a list
Quiz Source
Last Updated: Feb 16, 2017
Quiz Scoreboard
CHALLENGE
Sign Up to Join the Scoreboard
Show All
Scores
Hide
Comments
May contain spoilers
Recently Published
Movies - When Are They Set?
by FPL_Elf
Movies
5m
Popular People in 1961
by mucciniale
History
6m
1-10 Letter E Words III
by El_Dandy
Language
2m
More to Explore
Quiz From the Vault
Featured Blog Post
Where Did the Easter Bunny Come From?
hide this ad
You Might Also Like...
Tags
europop
Today's Top Quizzes in Music
Browse Music
hide this ad
Top Contributed Quizzes in Music
1
Taylor Swift All Songs (2024)
2
2010s Album by Cover III
3
Guess the Artist- 70s Songs
4
One Thing in Common: Music
5
Taylor Swift Logic Puzzle
6
Guess the Taylor Swift song (Mystery Song)
7
2010s Album by Cover IV
8
2010s Album by Cover V
9
KPOP LOGIC QUIZ
10
Kpop Logic Quiz
Explore More
Trending Topics
Harry Potter
NBA
Crossword
Disney
Marvel
Anime
Kpop
Puzzle
Country
WWE
The Office
Soccer
NFL
Song
Pokémon
hide this ad
More By:
janisterzaj
Quiz
Plays
Rating
Category
Featured
Created
100 Largest UK Cities
424,882
4.51
Geography
Oct 21, 2010
100 Largest Cities of Italy
109,949
4.61
Geography
Oct 14, 2010
100 biggest cities of Germany
90,292
4.73
Geography
Sep 6, 2010
100 biggest cities of France
74,974
4.40
Geography
Oct 18, 2010
100 Biggest Cities of Russia
63,257
4.53
Geography
Nov 27, 2010
Go to Creator's Profile
Score Distribution
Quiz Creator Spotlight
janisterzaj
Follow
Send a Message
Quizzes Created
-
Created Quiz Play Count
-
More By This Creator
Popular Quizzes Today
1
Find the Countries of Europe - No Outlines Minefield
2
Find the US States - No Outlines Minefield
3
The Countries of the World
4
Popular People in 1961
5
US States
6
1-10 Letter E Words III
7
Find the US States
8
One Thing in Common: World Cities II
More Music Quizzes
Classic Rock Songs Missing 'O' Words
Quiz Lab
Trending Quizzes
Risky Map Clicking: Least Populous States A-Z
1-10 Letter F Words
1-10 Letter G Words
One Thing in Common: United Kingdom
Risky Map Clicking: Next State Alphabetically
Recently Updated
Leaping Animals
pecheneg
Reality TV Shows (A-Z)
bhenderson79
Rickey Henderson's Hall of Fame Teammates
pecheneg
Champions League XIs: Arsenal
pecheneg
Quick Pick: Celebrities in WWE's Hall of Fame
aduchscher
A-Z Keypad Blitz II
pecheneg
Multiple Oscar Actors
pecheneg
Mystery Phrase Blitz: Oscar 'Best Actors'
pecheneg
F. Scott Fitzgerald Novels
LTH
Pick 3 Villains
ddd62291
Trending Topics
Anime
Harry Potter
NBA
Marvel
Disney
Crossword
Kpop
Song
The Office
Country
WWE
NFL
Puzzle
Soccer
Pokémon
Your Account Isn't Verified!
In order to create a playlist on Sporcle, you need to verify the email address you used during registration. Go to your
Sporcle Settings
to finish the process.
Report this User
Report this user for behavior that violates our
Community Guidelines
.
Details:
Send Report
Go to the Sporcle.com Mobile Site →
Comments